| 000 | 00366 a2200169 4500 | ||
|---|---|---|---|
| 001 | 72815 | ||
| 020 | _a8502021044 | ||
| 040 | _cAnchieta - Colégio São Paulo | ||
| 100 | _aLopes, Sônia | ||
| 240 | 1 | 0 |
_aBiologia _lpor |
| 245 | 1 | 0 | _aBiologia |
| 300 | _a415[32p.] | ||
| 362 | 0 | _a1997 | |
| 440 | 1 | _aSaraiva | |
| 650 | 4 | _aCiência da vida - Biologia | |
| 942 | _cBK | ||
| 999 |
_c72815 _d72815 |
||